Regard sur le passé /

Hlavní autor: Buffet-Picabia, Gabrielle
Další autoři: Kandinsky, Wassily, 1866-1944, Henri, Florence
Jazyk: Francouzština
Vydáno: Paris : Galerie René Drouin, 1946
Témata:
Fyzický popis: 36 stran, 16 nečíslovaných stran obrazových příloh : ilustrace, portrét; 28 cm
Knihy
Uloženo v:
LEADER 02429nam a22006252i 4500
001 001512914
003 CZ BrMZK
005 20180515110819.0
007 ta
008 150608s1946 fr acf er|||||||||||fre
040 |a BOA001  |b cze  |e rda 
041 1 |a fre  |h ger 
043 |a e-ru--- 
045 |a w6x4 
072 7 |x Biografie  |a 929  |2 Konspekt  |9 8 
072 7 |a 75  |x Malířství  |2 Konspekt  |9 21 
080 |a 75.071.1  |2 MRF 
080 |a 82-94  |2 MRF 
080 |a 929  |2 MRF 
080 |a 76.071.1  |2 MRF 
080 |a 7.01/.09.072.2  |2 MRF 
080 |a (0.027.6)  |2 MRF 
080 |a (092)  |2 MRF 
100 1 |a Buffet-Picabia, Gabrielle  |4 aut 
240 1 0 |a Ruckblicke.  |l Francouzsky 
245 1 0 |a Regard sur le passé /  |c Gabrielle Buffet-Picabia ; ilustrace Wassily Kandinsky 
246 1 4 |a Kandinski 
264 1 |a Paris :  |b Galerie René Drouin,  |c 1946 
264 3 |b Imprimeries union et Georges Duval 
300 |a 36 stran, 16 nečíslovaných stran obrazových příloh :  |b ilustrace, portrét;  |c 28 cm 
336 |a statický obraz  |b sti  |2 rdacontent 
336 |a text  |b txt  |2 rdacontent 
337 |a bez média  |b n  |2 rdamedia 
338 |a svazek  |b nc  |2 rdacarrier 
500 |a Bibliofilie 
500 |a Vydáno u příležitosti výstavy 40 obrazů Vasilije Kandinského v galerii Reného Drouina od 13. března do 13 dubna 1946 
500 |a Vyšlo v nákladu 700 exemplářů na papíře vélin marais čísovaných od 1 do 700 
500 |a Vytištěno 2. března 1946 Tiskařskou unií a Georgem Duvalem 
500 |a V papíru filigrány (Marais) 
562 |a Původ: Antikvariát Topič, Praha  |5 CZ-BrMZK 
562 |a Vazba: Papírová obálka  |5 CZ-BrMZK 
600 1 7 |a Kandinsky, Wassily,  |d 1866-1944  |7 jn19981001602 
648 7 |a 19.-20. století  |7 ch757015 
648 4 |a 1866-1944 
650 0 7 |a malíři  |7 ph122596  |z Rusko  |y 19.-20. století  |2 czenas 
650 0 7 |a grafici  |7 ph120589  |z Rusko  |y 19.-20. století  |2 czenas 
650 0 7 |a teoretici umění  |7 ph565271  |z Rusko  |y 19.-20. století  |2 czenas 
655 7 |a bibliofilie  |7 fd131893  |2 czenas 
655 7 |a biografie  |7 fd131909  |2 czenas 
700 1 |a Kandinsky, Wassily,  |d 1866-1944  |7 jn19981001602  |4 ill 
700 1 |a Henri, Florence  |4 pht 
910 |a BOA001  |b Bf2-0198.230 
990 |a BK 
991 |b 201705 
996 6 |b 2619088151  |c Bf2-0198.230  |l Stud. starých tisků/4.patro  |r Sklad / do násl. otevíracího dne  |n 0  |w 001548291  |u 000010  |a 1  |e BOA001  |j MZK50  |s P